Responses for Show #1304 - Thursday, April 12, 1990

Contestants

[<< previous game]

Lindi Bauman, an administrative assistant from Pacifica, California

Jeff Liebowitz, an attorney and writer from Marina del Rey, California

Roy Jimenez, a software developer from Sonoma, California (whose 1-day cash winnings total $15,601)

[next game >>]

Jeopardy! Round responses

FEATHERED FRIENDS
SHAKESPEAREAN TRIVIA
NOTORIOUS
POLITICS & GOVERNMENT
DOUBLE TALK
1890
    $100 6
walking

Lindi
    $100 5
Romeo & Juliet

Roy
    $100 11
Alcatraz

Jeff
    $100 16
5th

Roy
    $100 27
Bamm-Bamm

Lindi
    $100 29
West Point & the Naval Academy at Annapolis

Lindi
    $200 4
penguins

Lindi
    $200 7
A Midsummer Night's Dream

Jeff
    $200 30
James Brown

Jeff
    $200 15
John Kennedy & Lyndon Johnson

Jeff
    $200 26
Walla Walla

Jeff
    $200 28
the Mormons

Jeff
    $300 3
(Lindi: What is its head?)

tail

RoyLindi
    $300 8
trash

Lindi
    $300 19
Sid Vicious

Jeff
    $300 12
the League of Nations

Jeff
    $300 25
"Boom Boom"

Jeff
    $300 20
(Jeff: What is Reynolds?)

American Tobacco Company

Jeff
Triple Stumper
    $400 1
albatross

Roy
    $400 9
Twelfth Night

Lindi
    $400 17
(Jeff: Who is Squeaky Fromme?)

Sara Moore

JeffLindi
    $400 13
Alfred E. Smith

Roy
    $400 24
Lulu

Jeff
    $400 21
(Lindi: What are Yosemite & Yellowstone?)

Yosemite & Sequoia

JeffLindi
    $500 2
bird of paradise

Triple Stumper
    $700 10
(Lindi: What is 2?)
(Alex: The twins & one more.)

3

Lindi
    $500 18
Joan Bennett

Triple Stumper
    $500 14
Dixiecrats

Jeff
    $500 23
Bora Bora

Lindi
    $500 22
(Alex: And we've got a minute to go.)

electric chair

Jeff

Scores at the first commercial break (after clue 12):

Roy Jeff Lindi
$800 $600 $0

Scores at the end of the Jeopardy! Round:

Roy Jeff Lindi
$1,300 $3,100 $700

Double Jeopardy! Round responses

BLACK AMERICA
GEOLOGY
FICTION
ITALY
BALLET
1790
    $200 20
space

Lindi
    $200 9
Evelyn Waugh

Jeff
    $200 1
Italia

Jeff
    $200 21
(Alex: We have a minute to go.)

(George) Balanchine

Lindi
    $200 6
the Census

Jeff
    $400 19
Miss America

Roy
    $400 10
"Rosemary's Baby"

Roy
    $400 7
lira

Lindi
    $400 22
doll

Roy
    $1,600 5
(Roy: What was the New York Stock Exchange?)

the Supreme Court

Roy
    $600 18
Coleman Young

Roy
    $600 28
[The end-of-round signal sounds.]
(Alex: Want to try for 4? Saved by the bell... all of us!)

sedimentary

Triple Stumper
    $600 13
Stephen King

Roy
    $300 8
(Lindi: What are San Marino & Andorra?)

San Marino & Vatican City

Lindi
    $600 25
fish

Roy
    $600 2
Mozart

Jeff
    $800 16
Brown

Jeff
    $800 27
mantle

Triple Stumper
    $800 14
(Roy: What is "The Witches of Easton?")

"The Witches of Eastwick"

RoyLindi
    $800 11
Victor Emmanuel

Jeff
    $800 23
Rodeo

Lindi
    $800 3
(Lindi: What is the Hapsburg?)

Holy Roman Empire

Lindi
Triple Stumper
    $1000 17
Crispus Attucks

Roy
    $1000 26
loam

Triple Stumper
    $1000 15
"Trinity"

Roy
    $1000 12
Milan

Lindi
    $1000 24
Nijinsky

Lindi
    $1000 4
France

Roy

Scores at the end of the Double Jeopardy! Round:

Roy Jeff Lindi
$4,900 $5,900 $4,000

[wagering suggestions for these scores]

Final Jeopardy! Round responses

U.S. GEOGRAPHY
LindiWhat is California?
$3,800
RoyWhat is Michigan
$3,101
JeffWhat is [California] Florida?
$3,901
Florida

Final scores:

Roy Jeff Lindi
$1,799 $9,801 $200
2nd place: Kingsdown Ultimate sleep set & Lehigh bedroom furniture New champion: $9,801 3rd place: Maple Leaf Boullion investment coins

Game dynamics:

Coryat scores:

Roy Jeff Lindi
$6,500 $5,900 $5,000
14 R,
2 W
(including 1 DD)
19 R,
2 W
15 R,
5 W
(including 2 DDs)

Combined Coryat: $17,400

[game clues] [game scores] [suggest correction]

Game tape date: 1989-11-14
The J! Archive is created by fans, for fans. Scraping, republication, monetization, and malicious use prohibited; this site may use cookies and collect identifying information. See terms. The Jeopardy! game show and all elements thereof, including but not limited to copyright and trademark thereto, are the property of Jeopardy Productions, Inc. and are protected under law. This website is not affiliated with, sponsored by, or operated by Jeopardy Productions, Inc. Join the discussion at JBoard.tv.